Análisis y diseño de redes de baja tensión a partir de la medición y cargabilidad de los transformadores de distribución
Furkejuvvon:
| Váldodahkki: | |
|---|---|
| Materiálatiipa: | Girji |
| Almmustuhtton: |
[San José, Costa Rica]
2009
|
| Fáttát: | |
| Fáddágilkorat: |
Lasit fáddágilkoriid
Eai fáddágilkorat, Lasit vuosttaš fáddágilkora!
|
MARC
| LEADER | 00000nam a2200000Ia 4500 | ||
|---|---|---|---|
| 003 | 001591 | ||
| 005 | 20221231144039.0 | ||
| 008 | 140114s2009 cr a 000 ||s d | ||
| 040 | |c cru CEDI | ||
| 090 | |a TFG 6103 | ||
| 100 | |a Arroyo Murillo, José David |9 3208 | ||
| 245 | |a Análisis y diseño de redes de baja tensión a partir de la medición y cargabilidad de los transformadores de distribución | ||
| 260 | |c 2009 |b [San José, Costa Rica] | ||
| 500 | |a Proyecto de graduación (bachillerato en ingeniería eléctrica)--Universidad de Costa Rica. Facultad de Ingeniería. Escuela de Ingeniería Eléctrica | ||
| 650 | |x ENERGIA ELECTRICA |x TRANSFORMADORES ELECTRICOS |x CORRIENTES ELECTRICAS |x DISTRIBUCION DE ENERGIA ELECTRICA |x ELECTRICIDAD - DISPOSITIVOS DE DISTRIBUCION |9 3209 | ||
| 942 | |c TFG | ||
| 999 | |c 16112 |d 16112 | ||
